[Event "POR-chT 1st League 2017"]
[Site "Leiria"]
[Date "2017.07.23"]
[Round "9"]
[White "Cavaleiro, Daniel Felipe Costa"]
[Black "Ulyanovskyy, Viktor"]
[Result "1-0"]
[WhiteElo "2006"]
[BlackElo "2219"]
[Annotator "NA"]
[PlyCount "57"]
[EventDate "2017.??.??"]
[EventType "team-tourn"]
[EventCountry "POR"]
[SourceTitle "playchess.com"]
[Source "ChessBase"]
[SourceQuality "1"]
[TimeControl "5400+30"]

1. d4 {[%emt 0:00:00]} c5 {[%emt 0:00:04]} 2. d5 {[%emt 0:00:00]} f5 {[%emt 0:00:04]} 3. e4 {[%emt 0:04:08]} fxe4 {[%emt 0:02:31]} 4. Nc3 {[%emt 0:01:38]} Nf6 {[%emt 0:00:21]} 5. Nge2 {[%emt 0:00:49]} g6 {[%emt 0:02:59]} 6. Ng3 {[%emt 0:02:35]} Bg7 {[%emt 0:00:18]} 7. Ngxe4 {[%emt 0:05:28]} Nxe4 {[%emt 0:00:07]} 8. Nxe4 {[%emt 0:00:10]} d6 {[%emt 0:02:38]} 9. Qf3 {[%emt 0:07:54]} Bf5 {[%emt 0:09:58]} 10. g4 {[%emt 0:04:25]} Bxe4 {[%emt 0:05:52]} 11. Qxe4 {[%emt 0:03:06]} Qa5+ {[%emt 0:03:39]} 12. Bd2 {[%emt 0:04:37]} Qb6 {[%emt 0:00:07]} 13. c3 {[%emt 0:00:31]} Qxb2 {[%emt 0:09:58]} 14. Rb1 {[%emt 0:01:12]} Qxa2 {[%emt 0:00:04]} 15. Bc4 {[%emt 0:06:16]} Qa3 {[%emt 0:04:03]} 16. Rxb7 {[%emt 0:02:33]} Nd7 {[%emt 0:06:05]} 17. O-O {[%emt 0:19:22]} O-O-O {[%emt 0:42:46]} 18. Rfb1 {[%emt 0:03:33]} Be5 {[%emt 0:02:44]} 19. f4 {[%emt 0:09:40]} Nb6 {[%emt 0:00:46]} 20. Rxe7 {[%emt 0:00:33]} Rde8 {[%emt 0:01:25]} 21. Rxe8+ Rxe8 {[%emt 0:00:00]} 22. fxe5 {[%emt 0:01:47]} Rxe5 {[%emt 0:00:01]} 23. Qf4 {[%emt 0:02:53]} Qa4 {[%emt 0:01:01]} 24. Bb5 {[%emt 0:04:05]} Qxf4 {[%emt 0:01:53]} 25. Bxf4 {[%emt 0:00:01]} Re4 {[%emt 0:00:33]} 26. Bxd6 {[%emt 0:00:59]} Rxg4+ {[%emt 0:00:24]} 27. Kf2 {[%emt 0:00:56]} Nxd5 {[%emt 0:00:01]} 28. Bc6 {[%emt 0:02:08]} Nb6 {[%emt 0:00:35]} 29. Re1 {[%emt 0:00:41]} 1-0

[Event "POR-chT 1st League 2017"]
[Site "Leiria"]
[Date "2017.07.23"]
[Round "9"]
[White "Tubio Agrasar, Pablo"]
[Black "Figuero Toro, Julian Francisco"]
[Result "1/2-1/2"]
[WhiteElo "1988"]
[BlackElo "2314"]
[Annotator "NA"]
[PlyCount "59"]
[EventDate "2017.??.??"]
[EventType "team-tourn"]
[EventCountry "POR"]
[SourceTitle "playchess.com"]
[Source "ChessBase"]
[SourceQuality "1"]
[TimeControl "5400+30"]

1. e4 {[%emt 0:00:00]} c6 {[%emt 0:01:46]} 2. Nc3 {[%emt 0:00:00]} g6 {[%emt 0:00:09]} 3. d4 {[%emt 0:00:00]} Bg7 {[%emt 0:00:06]} 4. Bc4 {[%emt 0:00:00]} d6 {[%emt 0:00:52]} 5. Nf3 {[%emt 0:02:53]} Nf6 {[%emt 0:00:57]} 6. Bb3 {[%emt 0:04:57]} O-O {[%emt 0:00:52]} 7. O-O {[%emt 0:00:17]} d5 {[%emt 0:09:25]} 8. e5 {[%emt 0:06:02]} Ne8 {[%emt 0:00:43]} 9. Ne2 {[%emt 0:00:21]} f6 {[%emt 0:09:21]} 10. c4 {[%emt 0:06:41]} Nc7 {[%emt 0:02:13]} 11. cxd5 {[%emt 0:07:45]} cxd5 {[%emt 0:00:55]} 12. exf6 {[%emt 0:04:25]} exf6 {[%emt 0:01:00]} 13. Nf4 {[%emt 0:02:08]} Nc6 {[%emt 0:01:36]} 14. h3 {[%emt 0:04:50]} Ne7 {[%emt 0:18:27]} 15. Re1 {[%emt 0:01:04]} Rf7 {[%emt 0:05:27]} 16. Bd2 {[%emt 0:02:35]} a5 {[%emt 0:00:57]} 17. Rc1 {[%emt 0:01:32]} Nc6 {[%emt 0:09:58]} 18. Rc5 {[%emt 0:06:10]} Rd7 {[%emt 0:03:39]} 19. Rc3 {[%emt 0:06:14]} Bf8 {[%emt 0:05:01]} 20. a3 {[%emt 0:05:52]} Rf7 {[%emt 0:00:53]} 21. Rce3 {[%emt 0:03:49]} Re7 {[%emt 0:07:28]} 22. Bc1 {[%emt 0:09:53]} Rxe3 {[%emt 0:01:17]} 23. Rxe3 {[%emt 0:00:02]} Ne7 {[%emt 0:01:21]} 24. Nh2 {[%emt 0:02:41]} Ra6 {[%emt 0:05:06]} 25. Qf3 {[%emt 0:03:37]} Kg7 {[%emt 0:01:03]} 26. Re1 {[%emt 0:01:03]} Nf5 {[%emt 0:02:27]} 27. Rd1 {[%emt 0:02:19]} Nh4 {[%emt 0:03:10]} 28. Qg3 {[%emt 0:03:58]} Nf5 {[%emt 0:00:04]} 29. Qf3 {[%emt 0:00:09]} Nh4 {[%emt 0:00:03]} 30. Qg3 {[%emt 0:01:09]} 1/2-1/2